000 00488nam a22001697a 4500
020 _a0071166076
082 _a620.112
_bNAS
_cN-01, P-44
100 _aNash, William
_940861
245 _aStrength of materials /
250 _a4th ed
260 _aNewYork:
_bSchaum's Outline Series Mcgraw-Hill
_cc1998
300 _avi, 474p,;
_bill.;
_c24cm
526 _a0
_b0
_c0
_d620_112000000000000_NAS
650 _aMCE
_9379
856 _uhttp://172.25.8.12:8080/browse/book/613
942 _2ddc
_cBK
999 _c545101
_d545101